=LDR 00000nam 2200000 4500 =001 INLIS000000000040397 =005 20130612145949 =008 ***********************************ind** =035 ##$$0010-061300000040397 =041 ##$$a ind =082 ##$$a 742 =090 ##$$a 742, Pri t =100 ##$$a PRIESTER, Gary W =245 ##$$a Tipuan mata, gary w priester, Gene levine;Alih bahasa, Sigit suryanto; Editor,Lyndon saputra =260 ##$$a 2009 $b Jakarta =300 ##$$a ...Jil, Ilus, 26 cm =650 ##$$a GAMBAR TIGA DEMENSI =700 ##$$a LEVINE, Gene =850 ##$$a NBPNMAT =990 ##$$a 0001/BPAP-NTB/20142015 =990 ##$$a 0336/BPAP-NTB/2015 =990 ##$$a 0337/BPAP-NTB/2015 =990 ##$$a 0001/BPAP-NTB/2016